| 000 | 00697cam a2200229 4500 | ||
|---|---|---|---|
| 001 | TB12539 | ||
| 003 | IN-BhIIT | ||
| 005 | 20260429144044.0 | ||
| 008 | 730725s1974 njua b 001 0 eng | ||
| 020 | _a9789353433123 (pbk.) | ||
| 040 | _aIN-BhIIT | ||
| 041 | _aeng | ||
| 082 | 0 | 0 |
_a621.3192 _bVAN/N |
| 100 | 1 |
_aVan Valkenburg, M. E. _eAuthor _926364 |
|
| 245 | 1 | 0 |
_aNetwork analysis / _cM. E. Van Valkenburg. |
| 250 | _a3d ed. (Revised) | ||
| 260 |
_aChennai : _bPearson India Education Services Pvt. Ltd., _c2025. |
||
| 300 |
_axviii, 703 p. : _billus. _c25 cm. |
||
| 504 | _aIncludes bibliographical references and index. | ||
| 650 | 0 |
_aElectric network analysis. _97048 |
|
| 942 |
_cTB _017 |
||
| 999 |
_c15095 _d15095 |
||